[Event "SVK-chT2C 1112"]
[Site "Slovakia"]
[Date "2012.02.26"]
[Round "11.3"]
[White "Cerovsky, Jan"]
[Black "Magat, Jozef"]
[Result "0-1"]
[WhiteElo "1800"]
[BlackElo "2069"]
[PlyCount "100"]
[EventDate "2011.10.08"]
[EventType "team-tourn"]
[EventRounds "11"]
[EventCountry "SVK"]
[SourceTitle "EXT 2013"]
[Source "ChessBase"]
[SourceDate "2012.11.22"]
[SourceVersion "1"]
[SourceVersionDate "2012.11.22"]
[SourceQuality "1"]
[WhiteTeam "Podpolanie Hrinova"]
[BlackTeam "Dunajov II"]
[WhiteTeamCountry "SVK"]
[BlackTeamCountry "SVK"]

1. d4 d5 2. c4 c6 3. cxd5 cxd5 4. Nf3 e6 5. Nc3 Bd6 6. e3 Bd7 7. Bd2 Nf6 8. Bd3 a6 9. a3 Nc6 10. b4 b5 11. 0-0 e5 12. dxe5 Nxe5 13. Nxe5 Bxe5 14. f4 Bb8 15. Be2 Ba7 16. Bf3 Bc6 17. Ne2 0-0 18. Nd4 Rc8 19. Rc1 Qd7 20. Bc3 Rfe8 21. Re1 Bb7 22. Qd2 Rc4 23. Be2 Ne4 24. Qb2 Nxc3 25. Rxc3 Rxd4 26. exd4 Bxd4+ 27. Kh1 Bxc3 28. Qxc3 d4 29. Qd2 g6 30. Kg1 Re3 31. Bd3 Qg4 32. Rxe3 dxe3 33. Qe2 Qxf4 34. Qf1 Qd4 35. Be2 Bd5 36. Qd1 Qxd1+ 37. Bxd1 Bc4 38. Bf3 f5 39. Bb7 Kf7 40. Bxa6 Ke6 41. a4 Kd6 42. a5 Kc7 43. h4 h6 44. g3 g5 45. hxg5 hxg5 46. Kg2 Bd5+ 47. Kf1 Bc6 48. Ke2 f4 49. gxf4 gxf4 50. Kd3 Bd7 0-1

[Event "SVK-chT2C 1112"]
[Site "Slovakia"]
[Date "2012.01.28"]
[Round "8.7"]
[White "Tomcik, Michal"]
[Black "Cerovsky, Jan"]
[Result "1/2-1/2"]
[WhiteElo "1835"]
[BlackElo "1800"]
[PlyCount "41"]
[EventDate "2011.10.08"]
[EventType "team-tourn"]
[EventRounds "11"]
[EventCountry "SVK"]
[SourceTitle "EXT 2013"]
[Source "ChessBase"]
[SourceDate "2012.11.22"]
[SourceVersion "1"]
[SourceVersionDate "2012.11.22"]
[SourceQuality "1"]
[WhiteTeam "Liptov Chess School II"]
[BlackTeam "Podpolanie Hrinova"]
[WhiteTeamCountry "SVK"]
[BlackTeamCountry "SVK"]

1. e4 e6 2. d4 d5 3. exd5 exd5 4. Bd3 Bd6 5. Nc3 c6 6. Nf3 Ne7 7. 0-0 0-0 8. Ng5 Bf5 9. Ne2 h6 10. Nf3 Bxd3 11. Qxd3 Ng6 12. Ng3 Nd7 13. Nf5 Bf4 14. Bxf4 Nxf4 15. Qe3 Qc7 16. Ne5 Ng6 17. Nxg6 fxg6 18. Nh4 Kh7 19. Qd3 Qd6 20. Rae1 Rae8 21. c3 1/2-1/2